El equilibrio racial en América Latina
Uloženo v:
| Hlavní autor: | |
|---|---|
| Médium: | Kniha |
| Jazyk: | španělština |
| Vydáno: |
Buenos Aires
EUDEBA
1963
|
| Edice: | Biblioteca de América. Libros del tiempo nuevo
|
| Témata: | |
| Tagy: |
Přidat tag
Žádné tagy, Buďte první, kdo vytvoří štítek k tomuto záznamu!
|
MARC
| LEADER | 00000nam a2200000 a 4500 | ||
|---|---|---|---|
| 001 | UCU2834 | ||
| 003 | CL-VaPUC | ||
| 008 | 960426e19630000AG |||||||||||||||||spa|d | ||
| 082 | 0 | 4 | |a 305.8 |b HAL |2 21 |
| 100 | 0 | |a Halcro Ferguson, J |e author |9 359387 | |
| 245 | 1 | 3 | |a El equilibrio racial en América Latina |
| 300 | |a 127 p | ||
| 942 | |c BK | ||
| 945 | |d 19960426 00:00:00 |a lriquelm | ||
| 260 | |a Buenos Aires |b EUDEBA |c 1963 | ||
| 650 | 0 | |a Etnología |9 258726 | |
| 650 | 0 | |a Antropología cultural y social |9 265143 | |
| 650 | 7 | |a GRUPOS ETNICOS |2 CL-VaPUC |9 324200 | |
| 651 | 0 | |a América Latina |9 255027 | |
| 583 | |a last modification |c 19960426 00:00:00 |k Rodrigo Vera | ||
| 490 | 0 | |a Biblioteca de América. Libros del tiempo nuevo | |
| 999 | |c 247042 |d 247040 | ||
| 952 | |0 0 |1 0 |4 0 |6 305_800000000000000_HAL_1963 |7 0 |8 A |9 262572 |a BIBING |b BIBING |d 2019-11-19 |i 1648020 |o 305.8 HAL 1963 |p 1648020 |r 2025-01-20 |w 2019-11-19 |y BK |k GEO | ||
| 952 | |0 0 |1 0 |4 0 |6 305_800000000000000_HAL_1963 |7 0 |8 A |9 262573 |a BIBHIS |b BIBHIS |d 2019-11-19 |i 1360051 |o 305.8 HAL 1963 |p 1360051 |r 2025-01-20 |w 2019-11-19 |y BK |k HIS | ||
| 952 | |0 0 |1 0 |4 0 |6 305_800000000000000_HAL_1963 |7 0 |8 A |9 262574 |a BIBHIS |b BIBHIS |d 2019-11-19 |i 4382870 |o 305.8 HAL 1963 |p 4382870 |r 2025-01-20 |w 2019-11-19 |y BK |k HIS | ||